Pakistan Prospects and Perspectives (Record no. 344466)
[ view plain ]
| 000 -LEADER | |
|---|---|
| fixed length control field | 00393 a2200145 4500 |
| 003 - CONTROL NUMBER IDENTIFIER | |
| control field | OSt |
| 005 - DATE AND TIME OF LATEST TRANSACTION | |
| control field | 20180116182713.0 |
| 008 - FIXED-LENGTH DATA ELEMENTS--GENERAL INFORMATION | |
| fixed length control field | 160513b xxu||||| |||| 00| 0 eng d |
| 040 ## - CATALOGING SOURCE | |
| Transcribing agency | 0 |
| 082 ## - DEWEY DECIMAL CLASSIFICATION NUMBER | |
| Classification number | 954.91 PAK 1999 |
| 100 ## - MAIN ENTRY--PERSONAL NAME | |
| Personal name | Manzoor Ahmad |
| 245 ## - TITLE STATEMENT | |
| Title | Pakistan Prospects and Perspectives |
| Statement of responsibility, etc. | Manzoor Ahmad |
| 260 ## - PUBLICATION, DISTRIBUTION, ETC. | |
| Place of publication, distribution, etc. | Royal Book Company Pakistan |
| Date of publication, distribution, etc. | 1999 |
| 942 ## - ADDED ENTRY ELEMENTS (KOHA) | |
| Institution code [OBSOLETE] | NBS |
| Koha item type | Book |
| Call number prefix | 954.91 PAK |
| Source of classification or shelving scheme | |
| Withdrawn status | Lost status | Damaged status | Not for loan | Permanent Location | Current Location | Date acquired | Total Checkouts | Total Renewals | Full call number | Barcode | Date last seen | Date last checked out | Price effective from | Koha item type |
|---|---|---|---|---|---|---|---|---|---|---|---|---|---|---|
| NUST Law School (NLS) | NUST Law School (NLS) | 08/28/2013 | 2 | 3 | 954.91 PAK | NBS1702 | 03/11/2021 | 11/19/2020 | 08/28/2013 | Book |
